000
00353nam a2200157Ia 4500
003
OSt
005
20260518142429.0
008
241002s9999 xx 000 0 und d
040
_c
AACR2
082
_a
973.32 PAT
100
_a
Patman, Wrigth
245
0
_a
Our American Government
260
_a
New York:
_c
1957
600
_a
History
942
_c
UC
_2
ddc
999
_c
18580
_d
18580